Pouvoir et religion en Europe : XVIe-XVIIIe siècle (notice n° 1568501)

détails MARC
000 -LEADER
fixed length control field 01615cam a2200133 4500500
005 - DATE AND TIME OF LATEST TRANSACTION
control field 20251214004406.0
041 ## - LANGUAGE CODE
Language code of text/sound track or separate title fre
042 ## - AUTHENTICATION CODE
Authentication code dc
100 10 - MAIN ENTRY--PERSONAL NAME
Personal name Suire, Éric
Relator term author
245 00 - TITLE STATEMENT
Title Pouvoir et religion en Europe : XVIe-XVIIIe siècle
260 ## - PUBLICATION, DISTRIBUTION, ETC.
Name of publisher, distributor, etc. Armand Colin,<br/>
Date of publication, distribution, etc. 2018.<br/>
520 ## - SUMMARY, ETC.
Summary, etc. Si le religieux est aujourd’hui affaire personnelle et n’est pas censé interférer avec le politique, il en allait tout autrement dans l’Europe moderne.Dans l’ancien monde, où la religion était structurante et commandait à tout et à tous, le christianisme a forgé des concepts essentiels à la régulation des sociétés. Trois principes ont façonné les rapports entre Églises et États : l’autorité vient de Dieu, les pouvoirs temporels et spirituels sont indépendants, les fins humaines sont subordonnées aux spirituelles. Ce cadre restait toutefois assez large pour justifier des politiques différentes. Les théologiens n’ont pas dicté une réponse unique quand le souverain, fût-il le pape, se trouva confronté à un conflit.Déstabilisées par les réformes du XVIe siècle, les monarchies surent tirer profit de la dislocation de la Chrétienté latine, abandonnant la guerre religieuse pour la raison d’État. Aux siècles suivants, alors que le désenchantement du monde ôtait à la Création son aspect magique, l’essor du rationalisme contribua autant à extraire la religion du champ politique qu’à asseoir la tutelle de l’État sur l’Église.
856 41 - ELECTRONIC LOCATION AND ACCESS
Uniform Resource Identifier <a href="https://shs.cairn.info/pouvoir-et-religion-en-europe--9782200623463?lang=fr&redirect-ssocas=7080">https://shs.cairn.info/pouvoir-et-religion-en-europe--9782200623463?lang=fr&redirect-ssocas=7080</a>

Pas d'exemplaire disponible.

PLUDOC

PLUDOC est la plateforme unique et centralisée de gestion des bibliothèques physiques et numériques de Guinée administré par le CEDUST. Elle est la plus grande base de données de ressources documentaires pour les Étudiants, Enseignants chercheurs et Chercheurs de Guinée.

Adresse

627 919 101/664 919 101

25 boulevard du commerce
Kaloum, Conakry, Guinée

Réseaux sociaux

Powered by Netsen Group @ 2025